Word Ladder: Lovecraft Opening Line Quiz Stats

 Plays Quiz Updated Jun 25, 2017

Support Sporcle.
Go Orange.
Score 0/29 Timer 03:00
0 Plays Today
Clue 4-Letter Word % Correct
A flat surface for carrying a tea serviceTRAY
94.6%
Pack info into your head before a big testCRAM
94.5%
Mollusk often eaten in chowderCLAM
94.2%
To defeat an opponentBEAT
93.9%
A trolley carTRAM
93.6%
'through the ___...'
or Part of the body that houses the brain
•HEAD•
93.6%
The head figure of a workplace BOSS
93.2%
Ornamental glass ball often used in jewelryBEAD
92.6%
To drop someone to the ground with forceSLAM
92.5%
A fireman's water dispenser HOSE
92.2%
Miami's NBA teamHEAT
91.6%
American audio company famous for manufacturing headphones and speakersBOSE
91%
Made crookedBENT
91%
'It is ___...'
or Factually confirmed
•TRUE•
90.8%
'of my ___ friend, and yet...'
or The finest quality
•BEST•
89.9%
Clue 4-Letter Word % Correct
Wife of President TrumanBESS
89.9%
Individual piece of a Venetian blindSLAT
88.8%
'[last rung] I have ___ six bullets...'
or Like email after delivery
•SENT•
88.1%
An family's crest is often called a ___ of armsCOAT
87.3%
To conversate informallyCHAT
85.3%
'South Park' co-creator ParkerTREY
84.5%
A spot for restSEAT
84.4%
'Old King' of nursery rhymesCOLE
83.8%
Inventor of the first six-shooter SamuelCOLT
83.6%
Archaic term for command another to do one's biddingHEST
83.5%
Plant this on the last Friday in AprilTREE
82.7%
'___ I am not a murderer.'
or 1996 Tom Hanks movie: '___ Thing You Do!'
•THAT•
81.8%
'I ___ to shew by this statement...'
or Obama's 2008 slogan: '___ and Change'
•HOPE•
76.3%
To persevere through difficulty COPE
72.7%

Today's Daily Dose

You're not logged in!

Compare scores with friends on all Sporcle quizzes.
OR
Log In
Forgot?

From the Vault

Alliterative World Capitals

by Booger

The names of these capitals just roll right off the tongue...or well maybe not.
Remove Ads.
Support Sporcle.
Get the best of Sporcle when you Go Orange. This ad-free experience offers more features, more stats, and more fun while also helping to support Sporcle. Thank you for becoming a member.

Show Comments

Extras

Top Quizzes Today


Score Distribution

Your Account Isn't Verified!

In order to create a playlist on Sporcle, you need to verify the email address you used during registration. Go to your Sporcle Settings to finish the process.

Report this User

Report this user for behavior that violates our Community Guidelines.

Details: